| 000 | 00642nam a22002411c 4500 | ||
|---|---|---|---|
| 001 | a987689604 | ||
| 008 | 180531s2018 gw |||| 000u rus d | ||
| 020 |
_a9785995009207 _9978-5-9950092-0-7 |
||
| 041 |
_arus _aeng |
||
| 245 | 0 | 0 | _aArchitektura stadionov |
| 246 | 1 | 0 | _aStadium Architecture |
| 264 |
_aMoskva : _bKučkovo pole, _c2018 |
||
| 300 | _a312 Seiten | ||
| 650 | 0 | _aArchitektur | |
| 650 | 0 | _aStadium | |
| 650 | 0 | _aFußball | |
| 651 | 0 | _aSowjetunion | |
| 700 | 1 |
_aAkoljan, E.S. _eHerausgeberIn |
|
| 710 | 2 | _aGosudarstv. muzej architektury im. A.V. Ščuseva | |
| 942 | _cMG | ||
| 040 | _cRU-10907106 | ||
| 003 | RU-10907106 | ||
| 999 |
_c36789 _d36789 |
||